Регионална библиотека "Любен Каравелов" - Русе

Степени на вина (Запис номер 136850)

MARC детайли
000 -Лидер
Контролно поле с фиксирана дължина 01368nam a2200361 c 4500
003 - Код на организацията, давaща контролен номер
Контролно поле BLK
005 - Дата и час на последна редакция
Контролно поле 20250712110901.0
008 - Елементи от данни с фиксирана дължина
fixed length control field 180409b bul|||||r ||||||| ||bul||
010 ## - Наследен системен номер
LC control number KNG00142807000
020 ## - Международен стандартен номер на книга ISBN
Международен стандартен номер на книга ISBN 978-954-769-310-4
-- издат.: Обсидиан
040 ## - Източник на каталожния запис
Идентификатор на билиотеката - собственик на записа BLK
041 ## - Код за език
Код за езика на текст/звукозапис или на отделно заглавие Български
Код за езика КДБФ Български
072 #7 - Код за тематичната категория
Код организация bullib
Код за тематична категория Н83
Текст Чужда художествена литература Н
080 ## - УДК
Текстов определител УДК Американска литература (на САЩ)
УДК код - определител по УДК 821.111(73)
УДК определител -312.4
УДК - код + определител 821.111(73)-312.4
100 1# - Редна дума - Автор
Автор Кларк, Марша
Авторска отговорност първи автор
R(LIN) 304470
139 ## - Редно поле
Редна дума Кларк, Марша
Авторски знак Кла - К 63
245 10 - Сведения за заглавието
Заглавие Степени на вина
Подзаглавни данни Роман
Редно поле (дума) Марша Кларк; прев. от англ. Красимира Абаджиева.
257 ## - Страна на издаване
Страна на създаване/издаване Съединени американски щати
260 ## - Област на издателските данни
-- София
Име на издателя, разпространителя и проч. Обсидиан
Година на издаване 2012
300 ## - Физическа характеристика
Страници 367 с.
Размери/Мащаб 20 см
380 ## - Жанр
Жанр Худож. лит.
500 ## - Общи забележки
Забележка Ориг. загл. Guilt by Degrees / Marcia Clark.
653 ## - Ключова дума – ненормативна
Ключова дума крими
653 ## - Ключова дума – ненормативна
Ключова дума романи
659 ## - Тематичен бюлетин
Тематичен бюлетин Н
700 1# - Други автори (авторска отговорност)
Лично име Абаджиева, Красимира
Автороска отговорност (Описва отношението между автора и произведението) прев. от англ.
9 (RLIN) 363340
852 ## - Местоположение
Форматна сигнатура Цб 259402
856 4# - Електронен адрес и достъп
Електронен формат pdf - файл
Път до файла /url/
856 4# - Електронен адрес и достъп
Електронен формат pdf - файл
Път до файла /url/
942 ## - АРТИКУЛИ
Вид на библиотечния материал Книги
Скрит в OPAC Не
Koha issues (borrowed), all copies 84
944 ## - СЪЗДАВАНЕ И РЕДАКЦИЯ на ЗАПИСА
Създаване/Редакция Създаване
Дата на регистрацията/редакция 17.05.2013
Статус, дата на статуса Геновева Генчева
Служител, извършил регистрацията/редакцията 30560
944 ## - СЪЗДАВАНЕ И РЕДАКЦИЯ на ЗАПИСА
Създаване/Редакция Редакция
Дата на регистрацията/редакция 20.01.2015
Статус, дата на статуса ф /
Служител, извършил регистрацията/редакцията Людмила_Стоянова
999 ## - СИСТЕМНИ КОНТРОЛНИ НОМЕРА
Koha biblionumber 136850
Koha biblioitemnumber 136850
Наличности
Код за отписване Код за изгубен артикул Код за повреда Коз за рестрикции Код за отдаване Артикулен № Име на библиотеката - собственик Име на библиотеката, в която се намира в момента Статус (Текущо местоположение) Дата на вписване в системата Местоположение - отдел Цена в лева Инвентарен номер Систематично азбучна сигнатура Баркод Номер на екземпляра Цена в евро Служебна бележка Служебен тип на артикула Източник на класификационната схема
  Не е изгубен Не е повреден без рестрикции заемане за дома 223835 Регионална библиотека "Любен Каравелов" Русе Регионална библиотека "Любен Каравелов" Русе Заемна - подръчен фонд 2013-05-20 Заемна - подръчен фонд 15.00 120000766015 П 820(73)-31/К 63 120000766015 1 7.67 Дост: DA Вид: А N: 5 Дата: 20.05.2013 Книги  
  Не е изгубен Не е повреден без рестрикции заемане за дома 223836 Регионална библиотека "Любен Каравелов" Русе Регионална библиотека "Любен Каравелов" Русе Заемна - подръчен фонд 2013-05-20 Заемна - подръчен фонд 15.00 120000766016 П 820(73)-31/К 63 120000766016 2 7.67 Дост: DA Вид: А N: 5 Дата: 20.05.2013 Дата инв: 15.02.2018 Бележки инв: П2018 Книги Universal Decimal Classification
Изтеглен Не е изгубен Не е повреден без рестрикции заемане за дома 223837 Регионална библиотека "Любен Каравелов" Русе Регионална библиотека "Любен Каравелов" Русе Заемна - подръчен фонд 2013-05-20 Заемна - подръчен фонд 15.00 120000766017 П 820(73)-31/К 63 120000766017 3 7.67 Дост: DA Вид: А N: 5 Дата: 20.05.2013 Дата инв: 15.02.2018 Бележки инв: П2018 Книги  
Изтеглен Не е изгубен Не е повреден без рестрикции заемане за дома 223838 Регионална библиотека "Любен Каравелов" Русе Регионална библиотека "Любен Каравелов" Русе Заемна - подръчен фонд 2013-11-29 Заемна - подръчен фонд 15.00 120000772294 П 821-31/К 63 120000772294 4 7.67 Дост: Pk Вид: Ф N: 380 Дата: 25.11.2013 Дата инв: 08.03.2018 Бележки инв: П2018 Книги Universal Decimal Classification
Изтеглен Не е изгубен Не е повреден без рестрикции заемане за дома 223839 Регионална библиотека "Любен Каравелов" Русе Регионална библиотека "Любен Каравелов" Русе Заемна - подръчен фонд 2014-05-30 Заемна - подръчен фонд 15.00 120000777632 П 820(73)-31/К 63 120000777632 5 7.67 Дост: Pk Вид: Ф N: 398 Дата: 24.05.2014 Дата инв: 15.02.2018 Бележки инв: П2018 Книги  
  Не е изгубен Не е повреден без рестрикции ползва се в читалня 223840 Регионална библиотека "Любен Каравелов" Русе Регионална библиотека "Любен Каравелов" Русе Хранилище 2014-10-15 Хранилище 15.00 120000781738 Цб 259402 120000781738 6 7.67 Дост: Dp Вид: Д N: 6 Дата: 04.02.2014 Книги  
  Не е изгубен Не е повреден без рестрикции заемане за дома 223841 Регионална библиотека "Любен Каравелов" Русе Регионална библиотека "Любен Каравелов" Русе Заемна - подръчен фонд 2015-01-15 Заемна - подръчен фонд 15.00 120000784157 П 820(73)-31/К 63 120000784157 7 7.67 Дост: DA Вид: А N: 1 Дата: 09.01.2015 Дата инв: 21.02.2018 Бележки инв: П2018 Книги Universal Decimal Classification
Vip Innovations Ltd, Rousse, Bulgaria 2025